000 02454cam a2200361 i 4500
001 23348108
005 20250405103414.0
008 231012s2024 maua 001 0 eng
010 _a 2023046078
020 _a9781647826253
020 _z9781647826260
041 _aeng
042 _apcc
082 0 0 _a658.4038 GOV
100 1 _aGovindarajan, Vijay,
245 1 0 _aFusion Strategy :How Real Time Data and AI Will Power the Industrial Future
260 _aBosten
_bHarvard Business Review Press
_c2024
264 1 _aBoston, Massachusetts :
_bHarvard Business Review Press,
_c[2024]
300 _avi, 214 pages :25 cm
_billustrations ;
336 _atext
_btxt
_2rdacontent
337 _aunmediated
_bn
_2rdamedia
338 _avolume
_bnc
_2rdacarrier
500 _aIncludes index.
520 _a"Tech giants like Facebook, Amazon, and Google can collect real-time data from billions of users. For companies that design and manufacture physical products, that type of fluid, data-rich information used to be a pipe dream. Now, with the rise of cheap and powerful sensors, computing power, and artificial intelligence, things are changing-fast. In Fusion Strategy, world-renowned innovation guru Vijay Govindarajan and digital strategy expert Venkat Venkataraman offer a first-of-a-kind playbook that will help companies combine what they do best-create physical products-with what digitals do best-use algorithms and artificial intelligence to parse ginormous, interconnected datasets-to make strategic connections that would otherwise be impossible. The laws of competitive advantage are changing, rewarding those who have the most robust real-time insights rather than the most valuable assets. To compete in the new digital age, companies need to use real-time data to turbocharge their products, strategies, and customer relationships. Or else they'll fall on the wrong side of the next great digital divide. Fusion Strategy is the way forward"--
650 0 _aInformation technology
650 0 _aBig data Management
650 0 _aArtificial intelligence.
700 1 _aVenkatraman, Venkat,
776 0 8 _iOnline version:
_aGovindarajan, Vijay.
_tFusion strategy
_dBoston, Massachusetts : Harvard Business Review Press, [2024]
_z9781647826260
_w(DLC) 2023046079
906 _a7
_bcbc
_corignew
_d1
_eecip
_f20
_gy-gencatlg
942 _cBK
999 _c43579
_d43579